| 000 | 00571nam a2200157 a 4500 | ||
|---|---|---|---|
| 008 | 220707s2018 ||||||||||||||||| || u | ||
| 020 | _a9781509827510 | ||
| 050 | _aPR 1.W45 | ||
| 100 | _a whitehouse , Diamond | ||
| 245 | 1 | 4 |
_aThe long forgotten : effortlessly entertaining,smart and effervercent _c By David, Whitehouse |
| 260 |
_alondon _bPicador _c2018 |
||
| 300 | _a287 pages | ||
| 350 | _a24.85 | ||
| 650 | _aENGLISH LANGUAGE | ||
| 995 |
_FCBU-MAIN LIBRARY (Kitwe) _I24.85 _M1 _UAVAILABLE _WSep 7, 2022 _ZFiction Collection |
||
| 999 |
_c49499 _d49499 |
||